Word Ladder: Disney Animated Characters Quiz Stats

 Plays Quiz Updated Sep 19, 2014

Score 0/15 Timer 02:00
3 Plays Today
Clue 5-Letter Word % Correct
Beauty from 'Beauty and the Beast'BELLE
95.2%
Actress BerryHALLE
84.5%
Figure out a riddleSOLVE
80.4%
Cut into two equal piecesHALVE
79.9%
Pinocchio was inside this organ in MonstroBELLY
78.1%
A healing cream or ointmentSALVE
75.9%
Pixar film with Auto as the villainWALL•E
73.9%
'Pinocchio's Monstro was this kind of creatureWHALE
73.7%
Clue 5-Letter Word % Correct
Charlie Brown's little sisterSALLY
70.2%
Actor Baldwin or ZaneBILLY
69%
The Beaver's brother on 'Leave It to Beaver'WALLY
66.1%
InaneSILLY
63.9%
A rock that may contain oilSHALE
58.4%
Wallace and Gromit's 'A Close ___'SHAVE
54.6%
A dry Italian wineSOAVE
48.2%

Today's Daily Dose

Missing Word
Wicked Songs

Word Ladder
Blue Ivies

Get the Picture
Green on the Flag?

You're not logged in!

Compare scores with friends on all Sporcle quizzes.
OR
Log In

You Might Also Like...

Show Comments

Extras

Top Quizzes Today


Score Distribution

Your Account Isn't Verified!

In order to create a playlist on Sporcle, you need to verify the email address you used during registration. Go to your Sporcle Settings to finish the process.

Report this User

Report this user for behavior that violates our Community Guidelines.

Details: